| 000 | 00425nam a2200181Ia 4500 | ||
|---|---|---|---|
| 008 | 230524s9999 xx 000 0 und d | ||
| 020 | _a8176710199 | ||
| 082 |
_a530 _bTIM |
||
| 100 | _aS.P.Timoshenko | ||
| 245 | 0 | _aElements of Strength of Materials | |
| 250 | _a5TH | ||
| 260 |
_aNEW DELHI _bEWP _c2003 |
||
| 300 | _a375 | ||
| 500 | _aQuantity Number: 41 | ||
| 650 | _aPhysics | ||
| 700 | _a D.H.Young | ||
| 942 | _cBK | ||
| 999 |
_c10373 _d10373 |
||